| 000 | 00288 a2200097 4500 | ||
|---|---|---|---|
| 082 | _a627.54 NAZ | ||
| 100 | _aDr.Nazir Ahmad | ||
| 245 |
_aDrainage of Irrigated Lands of Pakistan / _cDr. Nazir Ahmad |
||
| 260 |
_aLahore : _cShazad Nazir Publisher, _b1998 |
||
| 300 |
_avariouse pages : _bill. ; _c25cm |
||
| 650 | _aDrainage | ||
| 999 |
_c1606 _d1606 |
||